Los enamorados del Nahuel Huapi y otras leyendas de amor (Record no. 630)
[ view plain ]
| 000 -CABECERA | |
|---|---|
| campo de control de longitud fija | 01750nam a22002894c 4500 |
| 003 - IDENTIFICADOR DE NUMERO DE CONTROL | |
| campo de control | AR-BaSMT |
| 008 - CAMPOS DE LONGITUD FIJA | |
| campo de control de longitud fija | 230616t2016 aga|||br|||| 00| 1 spa d |
| 020 ## - ISBN: Indicadores indefinidos | |
| Número ISBN | 9789871337514 |
| 040 ## - FUENTE DE CATALOGACION | |
| Agencia de catalogación original | BSGB |
| Idioma de catalogación | español |
| Agencia que realiza la transcripción | BSGB |
| Convenciones de la descripción | rda |
| 041 0# - CODIGO DE IDIOMA | |
| Código idioma | spa |
| Idioma original | español |
| 080 ## - CDU | |
| CDU completo | 82-343 |
| 100 1# - PUNTO DE ACCESO PRINCIPAL | |
| Nombre de persona | Bonelli, Florencia |
| Enlace autoridades | 470 |
| 245 14 - MENCION DE TITULO | |
| Título | Los enamorados del Nahuel Huapi y otras leyendas de amor |
| 250 ## - MENCION DE EDICION | |
| Mención de edición | primera edición |
| 264 ## - PRODUCCIÓN, PUBLICACIÓN, DISTRIBUCIÓN, ETC. | |
| Lugar de publicación, etc. | Buenos Aires : |
| Nombre editor. | La brujita de papel , |
| Fecha | 2016 |
| 300 ## - DESCRIPCION FISICA | |
| Extensión | 64 páginas : |
| Otros detalles físicos | ilustraciones color |
| 336 ## - TIPO DE CONTENIDO | |
| rdacontent | rdacontent |
| texto | texto |
| txt | txt |
| 337 ## - TIPO DE MEDIO | |
| rdamedia | rdamedia |
| sin mediación | sin mediación |
| n | n |
| 338 ## - TIPO DE SOPORTE | |
| rdacarrier | rdacarrier |
| volumen | volumen |
| nc | nc |
| 520 1# - NOTA DE SUMARIO, RESUMEN, ETC. | |
| Toda la nota | Cuando el sol desaparece tras los Andes, a orillas del lago Nahuel Huapi, Martina escucha fascinada los maravillosos relatos de don Román. Él va hilvanando historias a la par que fuma su pipa o quiebra, como le gusta llamarla. A veces parece que las palabras de don Román nacen en los oídos de Martina; otras, que se montan en la cresta del viento y se acercan desde la montaña. Pero la niña siempre tiene ganas de escucharlas, ya sea si se trata de Maitén y Collán, los enamorados del lago Nahuel Huapi; de Copahue y el Hada de la Nieve, o de la valiente joven cuyos suspiros de amor se transformarán en las flores rosadas del palo borracho. Son leyendas argentinas, historias de nuestros ancestros, preciosos relatos transmitidos de generación en generación, que nos permiten asomarnos a las costumbres, la mitología y la belleza de los pueblos originarios. |
| 521 ## - NOTA DE PÚBLICO DESTINATARIO | |
| Nota de audiencia | A partir de 9 años |
| 650 #7 - PUNTO DE ACCESO ADICIONAL DE MATERIA – TÉRMINO TEMÁTICO | |
| Enlace autoridades | 8 |
| Término de materia o nombre geográfico como elemento de entrada | LITERATURA INFANTIL |
| 650 #7 - PUNTO DE ACCESO ADICIONAL DE MATERIA – TÉRMINO TEMÁTICO | |
| Enlace autoridades | 103 |
| Término de materia o nombre geográfico como elemento de entrada | MITOS Y LEYENDAS |
| Subdivisión geográfica | ARGENTINA |
| 700 1# - PUNTO DE ACCESO ADICIONAL – NOMBRE DE PERSONA | |
| Apellido, Nombre | Michelle, Laura |
| Término relacionador: | Ilustradora |
| Enlace autoridades | 471 |
| 942 ## - ELEMENTOS AGREGADOS (KOHA) | |
| CDU | Clasificación Decimal Dewey |
| Tipo de ítem | Libros |
| Disponible | Perdido | Fuente de clasificación | Estado | Ubicación permanente | Locación actual | Estante o sala | Fuente de adquisición | Número de inventario | Total préstamos | Signatura topográfica | Código de barras | Numero de ejemplar | Tipo de item de Koha | Calificador de localización códificado |
|---|---|---|---|---|---|---|---|---|---|---|---|---|---|---|
| Clasificación Decimal Dewey | Biblioteca Susana G. De Batemarco | Biblioteca Susana G. De Batemarco | Marrón | Compra Feria del Libro 2026 | 000875 | 82-343 BON | 000875 | 1 | Libros |
